| 000 | 00654nab a2200193 4500 | ||
|---|---|---|---|
| 001 | 244442 | ||
| 003 | OSt | ||
| 005 | 20240822114605.0 | ||
| 007 | tu | ||
| 008 | 200917s2020||||||| | ||
| 040 |
_aDE-2950 _cDE-2950 |
||
| 245 | 0 | 0 |
_aFestival mit viel Programm _bVeranstaltung. 12.000 Gäste sind an diesem Wochenende wieder am Helenesee bei der "Bucht der Träumer", um an Workshops teilzunehmen - und zu feiern/ _cLisa Larossa |
| 264 | _c2024 | ||
| 653 | _aFrankfurt (Oder) | ||
| 653 | _aHelenesee | ||
| 653 | _a"Bucht der Träumer" | ||
| 773 | 0 |
_g35. Jahrgang (2024) Nr. 191 vom 16.08.2024, S. 17, mit Foto _tMärkische Oderzeitung |
|
| 942 |
_2z _cA |
||
| 999 |
_c373292 _d373292 |
||